000 00651nam a2200229Ia 4500
003 OSt
005 20220926010428.0
006 a|||||r|||| 00| 0
007 ta
008 220923b |||||||| |||| 00| 0 eng d
037 _cGeneral Book
040 _aRTL
_cRTL
_beng
041 _2eng
_aeng
082 _aX:77.2, M6
100 _aAGRAWAL A N
_9151289
245 0 _aIndian economy
_b Problems of development and planning
260 _a New Delhi
_bWiley Eastern Limited
_c1986
300 _axiv, 693p
_ccm.
500 _aBibliography: P 692-93
942 _hX:77.2, M6
_cGB
_2CC
999 _c617233
_d617233